[Event "Ligue elite du dimanche 2016.01"]
[Site "Montreal CAN"]
[Date "2016.01.31"]
[Round "1"]
[White "Sprumont, Oscar"]
[Black "Zhu, Hong Rui"]
[Result "1-0"]
[WhiteElo "2153"]
[BlackElo "2235"]
[Annotator "Lefong Hua"]
[PlyCount "68"]
[EventDate "2016.01.31"]
[EventType "team"]
[EventRounds "7"]
[EventCountry "CAN"]

1. Nf3 c5 2. g3 Nc6 3. d4 cxd4 4. Nxd4 g6 5. c4 Bg7 6. Nc2 d6 7. Bg2 Nf6 8. Nc3
O-O 9. O-O Nd7 10. e4 Bxc3 11. bxc3 Nb6 12. Nd4 Ne5 13. Bh6 Re8 14. Qe2 Nexc4
15. f4 Qc7 16. Rae1 Qc5 17. e5 Nd5 18. exd6 Nxc3 19. Qf2 Nxd6 20. Re5 Qb4 21.
a3 Qxa3 22. Rfe1 Nc4 23. Nc2 Qd6 24. Rc5 Be6 25. Bxb7 Rab8 26. Rc6 Qd5 27. Nd4
Rxb7 28. Rcxe6 fxe6 29. Nxe6 Ne4 30. Qc2 Qxe6 31. Rxe4 Qb6+ 32. Kg2 Ne3+ 33.
Rxe3 Qxe3 34. Qc6 Rb2+ 1-0

[Event "Ligue elite du dimanche 2016.01"]
[Site "Montreal CAN"]
[Date "2016.02.07"]
[Round "2"]
[White "Sprumont, Oscar"]
[Black "Ouellet, Maili-Jade"]
[Result "1/2-1/2"]
[WhiteElo "2153"]
[BlackElo "2023"]
[Annotator "Lefong Hua"]
[PlyCount "73"]
[EventDate "2016.01.31"]
[EventType "team"]
[EventRounds "7"]
[EventCountry "CAN"]

1. Nf3 d5 2. c4 e6 3. g3 Nf6 4. Bg2 Be7 5. O-O O-O 6. d4 b6 7. Ne5 Bb7 8. Qa4
c5 9. Be3 Nbd7 10. Nxd7 Qxd7 11. Qxd7 Nxd7 12. dxc5 bxc5 13. cxd5 exd5 14. Rd1
Nb6 15. Nd2 Rac8 16. Nb3 Rfd8 17. Bh3 Rc7 18. Bf4 Bd6 19. Bxd6 Rxd6 20. Rac1
Na4 21. Rc2 Kf8 22. Nd4 a6 23. Nf5 Rd8 24. Rdc1 c4 25. Ne3 Nb6 26. b3 Bc8 27.
Bxc8 Rdxc8 28. bxc4 dxc4 29. Rd1 Rc6 30. Kf1 g6 31. Ke1 Ke7 32. Nd5+ Ke6 33.
Nb4 Rc5 34. Nxa6 Rb5 35. a3 Rb3 36. Nb4 Rxa3 37. Ra2 1/2-1/2

[Event "Ligue elite du dimanche 2016.01"]
[Site "Montreal CAN"]
[Date "2016.02.14"]
[Round "3"]
[White "Yao, Houji"]
[Black "Zhu, Hong Rui"]
[Result "0-1"]
[WhiteElo "2027"]
[BlackElo "2235"]
[Annotator "Lefong Hua"]
[PlyCount "66"]
[EventDate "2016.01.31"]
[EventType "team"]
[EventRounds "7"]
[EventCountry "CAN"]

1. e4 c5 2. Nf3 d6 3. d4 cxd4 4. Nxd4 Nf6 5. Nc3 g6 6. Be3 Bg7 7. f3 Nc6 8. Qd2
O-O 9. Bc4 Bd7 10. O-O-O Rc8 11. Bb3 Nxd4 12. Bxd4 b5 13. Nd5 Nxd5 14. Bxg7
Kxg7 15. exd5 Kg8 16. Rhe1 a5 17. a3 Rc5 18. Re3 b4 19. axb4 axb4 20. Qxb4 Qa8
21. Qd4 Rb8 22. Kd2 Bf5 23. c4 Qa5+ 24. Ke2 Rc7 25. g4 Bc8 26. Rd2 Ba6 27. Rc2
Rb4 28. Kf2 Rcb7 29. Rcc3 Qa1 30. Rcd3 Qh1 31. Kg3 Qg1+ 32. Kh3 Rxb3 33. Rxb3
Rxb3 0-1

[Event "Ligue elite du dimanche 2016.01"]
[Site "Montreal CAN"]
[Date "2016.02.28"]
[Round "4"]
[White "Ouellet, Maili-Jade"]
[Black "Saha, Ananda"]
[Result "0-1"]
[WhiteElo "2023"]
[BlackElo "1942"]
[PlyCount "104"]
[EventDate "2016.01.31"]
[EventType "team"]
[EventRounds "7"]
[EventCountry "CAN"]

1. d4 d5 2. c4 dxc4 3. e4 b5 4. a4 c6 5. b3 e5 6. Nf3 exd4 7. bxc4 bxc4 8. Bxc4
Nf6 9. e5 Bb4+ 10. Bd2 Nd5 11. O-O Bc5 12. Bg5 Qb6 13. a5 Qc7 14. Nxd4 O-O 15.
Nxc6 Nxc6 16. Bxd5 Be6 17. Bxc6 Qxc6 18. Nd2 h6 19. Bh4 g5 20. Bg3 Rfd8 21. Qe2
Bd5 22. Rfc1 Rac8 23. Nf3 Qe6 24. h4 g4 25. Nh2 h5 26. Nf1 Qh6 27. Rd1 Qc6 28.
Rac1 Qg6 29. Re1 Bb4 30. Rxc8 Rxc8 31. Ne3 Bb7 32. a6 Bxa6 33. Qd1 Bxe1 34.
Qxe1 Bb7 35. Kh2 Qe4 36. Qd2 Ra8 37. Qd6 a5 38. Qh6 Qg6 39. Qf4 Be4 40. f3 gxf3
41. gxf3 Bb1 42. Nd5 Qc2+ 43. Kh3 Qf5+ 44. Kg2 Qxf4 45. Bxf4 Bg6 46. Bc1 Rb8
47. Kf2 Rb5 48. Ne7+ Kh7 49. f4 Bb1 50. Ke2 a4 51. Kd2 Rb3 52. f5 a3 0-1

[Event "Ligue elite du dimanche 2016.01"]
[Site "Montreal CAN"]
[Date "2016.02.28"]
[Round "4"]
[White "Zhu, Hong Rui"]
[Black "Fan, Run Kun"]
[Result "1/2-1/2"]
[WhiteElo "2237"]
[BlackElo "2067"]
[PlyCount "94"]
[EventDate "2016.01.31"]
[EventType "team"]
[EventRounds "7"]
[EventCountry "CAN"]

1. e4 d5 2. exd5 Qxd5 3. Nc3 Qa5 4. d4 Nf6 5. Bc4 c6 6. Nge2 Bf5 7. O-O e6 8.
Bf4 Be7 9. Re1 O-O 10. Ng3 Bg6 11. Qd2 Qb4 12. Bb3 Rd8 13. Be5 Bf8 14. a3 Qe7
15. Qe2 Nbd7 16. Bc7 Rdc8 17. Bf4 Nd5 18. Nxd5 cxd5 19. c3 Nb6 20. Qg4 Nc4 21.
Bxc4 Rxc4 22. h4 Rc6 23. h5 Be4 24. Bg5 f6 25. Bh4 Qf7 26. Nxe4 dxe4 27. Qxe4
Qxh5 28. Bg3 Qd5 29. Qxd5 exd5 30. Re2 Kf7 31. Kf1 Rac8 32. Ke1 Bd6 33. Bxd6
Rxd6 34. Kd2 Re6 35. Rxe6 Kxe6 36. Re1+ Kd6 37. Kd3 b5 38. f4 Kd7 39. Rh1 h6
40. Re1 g6 41. Rh1 h5 42. f5 Rg8 43. fxg6 Rxg6 44. Rh2 Ke6 45. Ke3 Rg3+ 46. Kf2
Rd3 47. Ke2 Rg3 1/2-1/2

[Event "Ligue elite du dimanche 2016.01"]
[Site "Montreal CAN"]
[Date "2016.05.15"]
[Round "7"]
[White "Zhu, Hong Rui"]
[Black "Sprumont, Oscar"]
[Result "1/2-1/2"]
[WhiteElo "2266"]
[BlackElo "2148"]
[PlyCount "71"]
[EventDate "2016.01.31"]
[EventType "team"]
[EventRounds "7"]
[EventCountry "CAN"]

1. e4 e5 2. Nf3 Nc6 3. d4 exd4 4. Bc4 Nf6 5. e5 d5 6. Bb5 Ne4 7. Nxd4 Bc5 8.
Be3 Bd7 9. Bxc6 bxc6 10. O-O Qe7 11. Re1 O-O 12. f3 Ng5 13. f4 Ne4 14. Nd2 Nxd2
15. Qxd2 Bxd4 16. Qxd4 Bf5 17. c3 Qe6 18. Rac1 Be4 19. c4 f6 20. cxd5 Bxd5 21.
b3 a6 22. Qb2 fxe5 23. Qxe5 Qg6 24. Qg5 Qxg5 25. fxg5 Rf5 26. g3 a5 27. Rc2 Re8
28. Bf2 Rxe1+ 29. Bxe1 Rxg5 30. Rc5 Re5 31. Kf2 a4 32. bxa4 Re4 33. a5 Ra4 34.
Rc2 Kf7 35. Ke3 Ke6 36. Ke2 1/2-1/2

[Event "Ligue elite du dimanche Finales"]
[Site "Montreal CAN"]
[Date "2016.05.28"]
[Round "1"]
[White "Zhu, Hong Rui"]
[Black "Ouellet, Maili-Jade"]
[Result "1-0"]
[WhiteElo "2266"]
[BlackElo "2266"]
[PlyCount "107"]
[EventDate "2016.05.28"]
[EventType "team"]
[EventRounds "1"]
[EventCountry "CAN"]

1. e4 c5 2. Ne2 e6 3. g3 d6 4. Bg2 Nc6 5. c3 g6 6. d4 cxd4 7. cxd4 Bg7 8. Nbc3
Nge7 9. Bg5 h6 10. Be3 O-O 11. O-O a6 12. Rc1 b5 13. b3 Bb7 14. Kh1 Qd7 15. Nf4
Rad8 16. d5 exd5 17. Ncxd5 Nxd5 18. Nxd5 Rfe8 19. Bxh6 Bxh6 20. Nf6+ Kg7 21.
Nxd7 Bxc1 22. Nf6 Kxf6 23. Qxc1 Kg7 24. Rd1 Re7 25. Qc3+ f6 26. Kg1 Ne5 27. f4
Nf7 28. e5 fxe5 29. Bxb7 Rxb7 30. Qc6 Re7 31. Qxa6 exf4 32. gxf4 Rb8 33. Rd5
Reb7 34. a3 Kf6 35. Rxd6+ Nxd6 36. Qxd6+ Kf7 37. Kf2 Rb6 38. Qc7+ Kf6 39. Kf3
R8b7 40. Qd8+ Kg7 41. Qd5 Kf6 42. Kg4 Kg7 43. Kg5 Kf8 44. h4 Kg7 45. h5 gxh5
46. f5 Rf7 47. Kxh5 Rff6 48. Kg5 Kf8 49. Qc5+ Kf7 50. Qe5 Rfd6 51. Qc5 Kg8 52.
Qc7 Rdc6 53. Qe7 Ra6 54. f6 1-0

[Event "Mauricie op"]
[Site "Trois-Rivieres CAN"]
[Date "2016.03.18"]
[Round "1"]
[White "Hirschberg, Valerian"]
[Black "Gelet, Seymour"]
[Result "1-0"]
[WhiteElo "2326"]
[BlackElo "2142"]
[PlyCount "94"]
[EventDate "2016.03.18"]
[EventType "swiss"]
[EventRounds "5"]
[EventCountry "CAN"]

1. Nf3 d5 2. g3 c6 3. c4 Nf6 4. Bg2 e6 5. O-O Bd6 6. d4 Nbd7 7. Nc3 O-O 8. Nd2
Bc7 9. e4 dxe4 10. Ndxe4 h6 11. b3 Nxe4 12. Nxe4 Nf6 13. f4 Nxe4 14. Bxe4 Qd6
15. Be3 Bd8 16. Qc2 a5 17. a3 f5 18. Bg2 Bf6 19. Rfd1 Rd8 20. a4 Qb4 21. Rd3
Bd7 22. Rad1 Rac8 23. Qf2 Be8 24. Bf3 Ra8 25. d5 Qe7 26. d6 Qf7 27. Qd2 Bd7 28.
Bb6 Re8 29. Bxa5 e5 30. fxe5 Rxe5 31. Bc3 Bg5 32. Qf2 Re6 33. c5 Rf8 34. Bd4
Qe8 35. Qb2 Qg6 36. Qf2 h5 37. Be2 Rfe8 38. Bf1 Re4 39. Rf3 f4 40. Bd3 Bg4 41.
d7 Rd8 42. Bxe4 Qxe4 43. Rxf4 Bxf4 44. Re1 Qd5 45. Re8+ Kh7 46. Rxd8 Bg5 47.
Rf8 Bxd7 1-0

[Event "Mauricie op"]
[Site "Trois-Rivieres CAN"]
[Date "2016.03.18"]
[Round "1"]
[White "Lepine, Cedric"]
[Black "Jia, Zhe"]
[Result "1-0"]
[WhiteElo "2113"]
[BlackElo "1852"]
[PlyCount "61"]
[EventDate "2016.03.18"]
[EventType "swiss"]
[EventRounds "5"]
[EventCountry "CAN"]

1. d4 d5 2. Nf3 Nf6 3. Bf4 c5 4. e3 Nc6 5. c3 Qb6 6. Qb3 Qxb3 7. axb3 cxd4 8.
Nxd4 Nxd4 9. exd4 g6 10. Nd2 Bg7 11. Bd3 Bf5 12. Bxf5 gxf5 13. O-O O-O 14. Ra5
a6 15. Rfa1 Rac8 16. b4 Nh5 17. Bg3 Nxg3 18. hxg3 e6 19. b5 axb5 20. Rxb5 Rc7
21. Ra7 Rb8 22. Nb3 Bf8 23. Na5 Kg7 24. Kf1 Kg6 25. Ke2 Kg5 26. Kd3 Kg4 27.
Rbxb7 Rcxb7 28. Rxb7 Bd6 29. Rxb8 Bxb8 30. Nc6 Bd6 31. Ne5+ 1-0

[Event "Mauricie op"]
[Site "Trois-Rivieres CAN"]
[Date "2016.03.18"]
[Round "1"]
[White "Pepin, Christian"]
[Black "Larochelle, Martial"]
[Result "0-1"]
[WhiteElo "1985"]
[BlackElo "2194"]
[PlyCount "70"]
[EventDate "2016.03.18"]
[EventType "swiss"]
[EventRounds "5"]
[EventCountry "CAN"]

1. e4 e5 2. Nf3 Nc6 3. Bb5 a6 4. Ba4 Nf6 5. d3 d6 6. h3 Be7 7. c3 O-O 8. O-O b5
9. Bc2 d5 10. Bg5 h6 11. Bh4 Re8 12. Nbd2 dxe4 13. dxe4 Be6 14. Bb3 Bxb3 15.
axb3 Nh5 16. Bxe7 Qxe7 17. g3 Qf6 18. Qe2 Ne7 19. Nh2 Qg6 20. Ndf3 Nf4 21. Qe3
Nxh3+ 22. Kg2 Ng5 23. Nxe5 Qxe4+ 24. Qxe4 Nxe4 25. Rfe1 Nc5 26. b4 Na4 27. Nd3
Nd5 28. Rxe8+ Rxe8 29. Nc5 Nxb2 30. Rxa6 Nxc3 31. Rc6 Nd5 32. Na6 Nd3 33. Nxc7
Nxc7 34. Rxc7 Re2 35. Rb7 Rxf2+ 0-1

[Event "Mauricie op"]
[Site "Trois-Rivieres CAN"]
[Date "2016.03.18"]
[Round "1"]
[White "Wilkin, Alain"]
[Black "Libersan, Thierry"]
[Result "0-1"]
[WhiteElo "1917"]
[BlackElo "2132"]
[PlyCount "80"]
[EventDate "2016.03.18"]
[EventType "swiss"]
[EventRounds "5"]
[EventCountry "CAN"]

1. Nf3 d5 2. d4 e6 3. g3 Bd6 4. Bg2 f5 5. c4 c6 6. b3 Qe7 7. Bb2 a5 8. Nbd2 Nf6
9. O-O O-O 10. e3 Bd7 11. Ne5 Be8 12. Nd3 Nbd7 13. Qc2 Ne4 14. Nf3 g5 15. Nfe5
Bg6 16. Nxg6 hxg6 17. Ne5 Bxe5 18. dxe5 g4 19. f4 gxf3 20. Bxf3 a4 21. Bxe4
fxe4 22. cxd5 cxd5 23. Rxf8+ Rxf8 24. bxa4 Qg5 25. Qe2 Nxe5 26. Bxe5 Qxe5 27.
Rf1 Rxf1+ 28. Kxf1 Qf6+ 29. Kg2 Kg7 30. h4 Kh6 31. a5 e5 32. Qd2 Qf3+ 33. Kh2
d4 34. Qc1 Qf2+ 35. Kh3 d3 36. Qc5 d2 37. Qe7 d1=Q 38. Qg5+ Kg7 39. Qe7+ Qf7
40. Qxe5+ Kh7 0-1

[Event "Mauricie op"]
[Site "Trois-Rivieres CAN"]
[Date "2016.03.19"]
[Round "2"]
[White "Durette, Francis"]
[Black "Turcotte, Jonathan"]
[Result "1-0"]
[WhiteElo "1953"]
[BlackElo "2103"]
[PlyCount "107"]
[EventDate "2016.03.18"]
[EventType "swiss"]
[EventRounds "5"]
[EventCountry "CAN"]

1. e4 c6 2. d4 d5 3. exd5 cxd5 4. c4 Nf6 5. Nc3 Nc6 6. Nf3 Bg4 7. cxd5 Nxd5 8.
Bb5 Rc8 9. O-O e6 10. Be3 Be7 11. h3 Bxf3 12. Qxf3 O-O 13. Rfd1 a6 14. Bd3 Ncb4
15. Nxd5 Nxd5 16. Qe4 g6 17. Bh6 Re8 18. Rac1 Qd7 19. Be3 Nf6 20. Qf3 Qd5 21.
Qxd5 Nxd5 22. Be4 b5 23. a3 f5 24. Bf3 Kf7 25. b4 Red8 26. Bxd5 exd5 27. Kf1
Rc4 28. Ke2 Bf6 29. g3 g5 30. Rxc4 dxc4 31. d5 h6 32. Bb6 Rd7 33. Rd2 Bc3 34.
Rc2 Ba1 35. Ra2 Be5 36. Rd2 Kf6 37. Bc5 Rd8 38. Kf3 f4 39. g4 c3 40. Rd1 c2 41.
Rc1 Rxd5 42. Rxc2 Rd3+ 43. Ke4 Rxa3 44. Bf8 Rc3 45. Ra2 Rc6 46. Kd5 Re6 47.
Bg7+ Kxg7 48. Kxe6 Bc3 49. Rxa6 Bxb4 50. f3 Bf8 51. Ra7+ Kg6 52. Ra8 Kg7 53.
Kf5 b4 54. Ra7+ 1-0

[Event "Mauricie op"]
[Site "Trois-Rivieres CAN"]
[Date "2016.03.19"]
[Round "2"]
[White "Gachet, Sebastien"]
[Black "Lepine, Cedric"]
[Result "1-0"]
[WhiteElo "2318"]
[BlackElo "2113"]
[PlyCount "95"]
[EventDate "2016.03.18"]
[EventType "swiss"]
[EventRounds "5"]
[EventCountry "CAN"]

1. e4 Nf6 2. e5 Nd5 3. d4 d6 4. Bc4 Nb6 5. Bb3 dxe5 6. Qh5 e6 7. dxe5 Nc6 8.
Nf3 Nd4 9. O-O g6 10. Qg4 Nxf3+ 11. Qxf3 Bg7 12. Rd1 Qh4 13. Bf4 O-O 14. Nc3
Bd7 15. Bg3 Qg5 16. Qxb7 Bxe5 17. Bxe5 Qxe5 18. Re1 Qc5 19. Qf3 Bc6 20. Qg3 Bb7
21. h4 Rad8 22. Re5 Qe7 23. Rae1 c5 24. a4 Kh8 25. Rg5 Nd7 26. a5 h6 27. Rg4
Nf6 28. Qe5 Kh7 29. Rc4 Rc8 30. Rf4 Nh5 31. Ra4 Nf6 32. Bc4 Ng4 33. Qg3 h5 34.
Be2 Nh6 35. Bd3 Rfd8 36. Qe5 c4 37. Be4 Rc5 38. Qf4 Bxe4 39. Nxe4 Rf5 40. Ng5+
Kg8 41. Qxc4 Qf6 42. f3 Qxb2 43. Rb4 Qa3 44. a6 Qa5 45. Ne4 Rf4 46. Qb5 Qc7 47.
Qg5 Rf5 48. Qxh6 1-0

[Event "Mauricie op"]
[Site "Trois-Rivieres CAN"]
[Date "2016.03.19"]
[Round "2"]
[White "Gelet, Seymour"]
[Black "Pepin, Christian"]
[Result "1-0"]
[WhiteElo "2142"]
[BlackElo "1985"]
[PlyCount "55"]
[EventDate "2016.03.18"]
[EventType "swiss"]
[EventRounds "5"]
[EventCountry "CAN"]

1. d4 d5 2. c4 e6 3. Nf3 c6 4. g3 f5 5. Bg2 Nf6 6. Bf4 Bd6 7. Bxd6 Qxd6 8. O-O
Qb4 9. Qc1 Qxc4 10. Qxc4 dxc4 11. Ne5 Nbd7 12. Nxc4 Nb6 13. b3 Bd7 14. Nd6+ Ke7
15. Nxb7 a5 16. a3 Nbd5 17. Rc1 g5 18. Nd2 Ra7 19. Nc5 h5 20. Nc4 Rc8 21. Ne5
Be8 22. Ra2 Ng4 23. Nf3 Kf6 24. Nxg5 Kxg5 25. Nxe6+ Kf6 26. Bxd5 cxd5 27. Rxc8
Bd7 28. Rc7 1-0

[Event "Mauricie op"]
[Site "Trois-Rivieres CAN"]
[Date "2016.03.19"]
[Round "2"]
[White "Hajiyev, Elshad"]
[Black "Luksza, Arkadiusz"]
[Result "0-1"]
[WhiteElo "2108"]
[BlackElo "2231"]
[PlyCount "90"]
[EventDate "2016.03.18"]
[EventType "swiss"]
[EventRounds "5"]
[EventCountry "CAN"]

1. Nf3 Nf6 2. e3 d5 3. c4 c6 4. b3 g6 5. Bb2 Bg7 6. Qc2 O-O 7. Nc3 Na6 8. a3
Bf5 9. d3 Re8 10. Ne5 Qd6 11. Nd1 Rad8 12. Be2 Nh5 13. Nxf7 Kxf7 14. g4 Be6 15.
gxh5 dxc4 16. bxc4 Bf5 17. e4 Bc8 18. Bxg7 Kxg7 19. Qc3+ Kg8 20. hxg6 hxg6 21.
Ne3 Nc5 22. Rd1 Rf8 23. e5 Qe6 24. O-O Qh3 25. d4 Ne6 26. Bg4 Qh4 27. f3 Nf4
28. Qe1 Qh6 29. Kh1 Kg7 30. Bxc8 Rxc8 31. Rd2 Rh8 32. Qg3 Rcf8 33. Ng4 Qg5 34.
Rb2 Rh3 35. Qg1 Nh5 36. Rg2 Rfxf3 37. Rxf3 Rxf3 38. Nf6 Qf5 39. Rg5 Ng3+ 40.
Qxg3 Qb1+ 41. Qg1 Rf1 42. Rxg6+ Kf7 43. e6+ Kxe6 44. d5+ Kf5 45. Ng8 Qe4+ 0-1

[Event "Mauricie op"]
[Site "Trois-Rivieres CAN"]
[Date "2016.03.19"]
[Round "2"]
[White "Libersan, Thierry"]
[Black "Hirschberg, Valerian"]
[Result "0-1"]
[WhiteElo "2132"]
[BlackElo "2326"]
[PlyCount "70"]
[EventDate "2016.03.18"]
[EventType "swiss"]
[EventRounds "5"]
[EventCountry "CAN"]

1. d4 d5 2. c4 dxc4 3. e4 e5 4. d5 Nf6 5. Nc3 b5 6. Bg5 Bb4 7. a4 c6 8. dxc6
Qxd1+ 9. Rxd1 Nxc6 10. Bxf6 gxf6 11. axb5 Na5 12. Nge2 Rb8 13. Ng3 Rxb5 14. Be2
Bxc3+ 15. bxc3 Ke7 16. O-O Be6 17. h3 Rhb8 18. Bg4 R8b7 19. f4 Nc6 20. Bxe6
fxe6 21. f5 R5b6 22. fxe6 Kxe6 23. Nh5 Rf7 24. Rf5 Ne7 25. Rf2 Nc8 26. Rd8 Nd6
27. Ng3 Rg7 28. Nf5 Rd7 29. Rxd7 Kxd7 30. Ng3 Rb3 31. Ra2 Rxc3 32. Rxa7+ Kc6
33. Kf2 Rb3 34. Rxh7 c3 35. Ne2 c2 0-1

[Event "Mauricie op"]
[Site "Trois-Rivieres CAN"]
[Date "2016.03.19"]
[Round "2"]
[White "Ouellet, Maili-Jade"]
[Black "Wilkin, Alain"]
[Result "1-0"]
[WhiteElo "1989"]
[BlackElo "1917"]
[PlyCount "90"]
[EventDate "2016.03.18"]
[EventType "swiss"]
[EventRounds "5"]
[EventCountry "CAN"]

1. d4 d5 2. c4 e6 3. Nc3 Nf6 4. Bg5 c6 5. Nf3 Nbd7 6. e3 Be7 7. cxd5 exd5 8.
Bd3 h6 9. Bh4 O-O 10. O-O Ne4 11. Bxe7 Qxe7 12. Qc2 f5 13. Rae1 a5 14. Nd2 Nxd2
15. Qxd2 Nf6 16. Na4 Qc7 17. f3 Bd7 18. Rc1 Rae8 19. Rfe1 Re7 20. Bb1 Bc8 21.
Nc5 b6 22. Nd3 Nd7 23. Nf4 Qd6 24. Qc3 Bb7 25. a3 g5 26. Nd3 Rfe8 27. Nf2 Qf6
28. Qd3 Rf8 29. Ba2 Kg7 30. b4 axb4 31. axb4 Rd8 32. Nh1 f4 33. Bb1 Nf8 34.
exf4 gxf4 35. Nf2 Rde8 36. Rxe7+ Qxe7 37. Qd2 Qe3 38. Qxe3 fxe3 39. Ng4 Ne6 40.
Nxe3 Nxd4 41. Kf2 Kf6 42. h4 Nb3 43. Rd1 d4 44. Nc4 Rd8 45. Bc2 Nc5 1-0

[Event "Mauricie op"]
[Site "Trois-Rivieres CAN"]
[Date "2016.03.19"]
[Round "3"]
[White "Cazelais, Marc"]
[Black "Gelet, Seymour"]
[Result "1/2-1/2"]
[WhiteElo "2207"]
[BlackElo "2142"]
[PlyCount "54"]
[EventDate "2016.03.18"]
[EventType "swiss"]
[EventRounds "5"]
[EventCountry "CAN"]

1. e4 c5 2. c3 Nf6 3. e5 Nd5 4. d4 cxd4 5. Nf3 e6 6. cxd4 Nc6 7. a3 d6 8. Bd3
Qc7 9. O-O dxe5 10. dxe5 Nxe5 11. Nxe5 Qxe5 12. Bb5+ Bd7 13. Bxd7+ Kxd7 14. Re1
Qd6 15. Nd2 Qc6 16. Nf3 Bd6 17. Bg5 Rac8 18. Qd4 f6 19. Bh4 Bc5 20. Qg4 g5 21.
Bxg5 Rhg8 22. Qh5 Rxg5 23. Nxg5 fxg5 24. Qxh7+ Be7 25. Rad1 Rf8 26. Re5 Qc5 27.
Re2 Rf4 1/2-1/2

[Event "Mauricie op"]
[Site "Trois-Rivieres CAN"]
[Date "2016.03.19"]
[Round "3"]
[White "Pepin, Christian"]
[Black "Hajiyev, Elshad"]
[Result "1-0"]
[WhiteElo "1985"]
[BlackElo "2108"]
[PlyCount "59"]
[EventDate "2016.03.18"]
[EventType "swiss"]
[EventRounds "5"]
[EventCountry "CAN"]

1. e4 c5 2. Nf3 Nc6 3. c3 d5 4. exd5 Qxd5 5. d4 Nf6 6. Be2 e6 7. Be3 cxd4 8.
cxd4 Ng4 9. Nc3 Qd6 10. Bg5 h6 11. Bh4 Qb4 12. O-O g5 13. Bg3 f5 14. d5 f4 15.
dxc6 fxg3 16. Qd3 gxh2+ 17. Kh1 Kf7 18. Ne4 Be7 19. Nfxg5+ hxg5 20. Bxg4 bxc6
21. f4 Kg7 22. Rae1 gxf4 23. a3 Qb5 24. Qc3+ e5 25. Bxc8 Raxc8 26. Rxf4 Rh6 27.
Ng3 Rc7 28. Rxe5 Bf6 29. Rxf6 Qa4 30. Rg5+ 1-0

[Event "Mauricie op"]
[Site "Trois-Rivieres CAN"]
[Date "2016.03.19"]
[Round "3"]
[White "Trottier, Emile"]
[Black "Larochelle, Martial"]
[Result "0-1"]
[WhiteElo "2060"]
[BlackElo "2194"]
[PlyCount "74"]
[EventDate "2016.03.18"]
[EventType "swiss"]
[EventRounds "5"]
[EventCountry "CAN"]

1. e4 e5 2. Nf3 Nc6 3. Bb5 a6 4. Bxc6 dxc6 5. O-O Bd6 6. d4 exd4 7. Nxd4 Ne7 8.
h3 O-O 9. Nd2 f5 10. exf5 Nxf5 11. Nxf5 Bxf5 12. Nc4 Qf6 13. Nxd6 cxd6 14. c3
Qg6 15. f4 Bxh3 16. Qf3 Bf5 17. Be3 Rae8 18. Bf2 Be4 19. Qg3 Rxf4 20. Qxg6 Bxg6
21. Bg3 Rxf1+ 22. Rxf1 Re6 23. Rf2 d5 24. Bc7 c5 25. Bb8 d4 26. cxd4 cxd4 27.
Rd2 d3 28. Kf2 Kf7 29. Bf4 Rc6 30. a3 Rc2 31. Kf3 Ke6 32. g3 h5 33. Ke3 Rxd2
34. Kxd2 Be4 35. Ke3 Kf5 36. Bd6 g5 37. Bb4 h4 0-1

[Event "Mauricie op"]
[Site "Trois-Rivieres CAN"]
[Date "2016.03.20"]
[Round "4"]
[White "Gachet, Sebastien"]
[Black "Hirschberg, Valerian"]
[Result "1/2-1/2"]
[WhiteElo "2318"]
[BlackElo "2325"]
[PlyCount "60"]
[EventDate "2016.03.18"]
[EventType "swiss"]
[EventRounds "5"]
[EventCountry "CAN"]

1. e4 c5 2. Nf3 Nc6 3. d4 cxd4 4. Nxd4 Nf6 5. Nc3 e5 6. Ndb5 d6 7. Bg5 a6 8.
Na3 b5 9. Bxf6 gxf6 10. Nd5 f5 11. Bd3 Be6 12. Qh5 Rg8 13. c3 h6 14. Qe2 Bg7
15. Nc2 Bxd5 16. exd5 Ne7 17. Nb4 e4 18. Bc2 Kf8 19. f3 Qc7 20. Rd1 e3 21. O-O
f4 22. Nc6 Bf6 23. a4 bxa4 24. Qc4 Qb6 25. Kh1 Qxb2 26. Rc1 Qxc3 27. Qxf4 Qd2
28. Qxh6+ Ke8 29. Qh3 Nxd5 30. Bxa4 Kf8 1/2-1/2

[Event "Mauricie op"]
[Site "Trois-Rivieres CAN"]
[Date "2016.03.20"]
[Round "4"]
[White "Gelet, Seymour"]
[Black "Luksza, Arkadiusz"]
[Result "0-1"]
[WhiteElo "2142"]
[BlackElo "2231"]
[PlyCount "69"]
[EventDate "2016.03.18"]
[EventType "swiss"]
[EventRounds "5"]
[EventCountry "CAN"]

1. d4 d6 2. c4 e5 3. d5 f5 4. Nc3 Nf6 5. Qc2 Be7 6. e4 fxe4 7. Nxe4 Nxe4 8.
Qxe4 O-O 9. Bd3 Bf5 10. Qe2 e4 11. Bc2 Na6 12. Nh3 Nc5 13. Nf4 Qd7 14. b4 Nd3+
15. Nxd3 exd3 16. Bxd3 Bf6 17. Rb1 Rae8 18. Be3 Bc3+ 19. Kd1 Bg4 20. f3 Bd4 21.
Be4 Rxe4 22. Qd3 Rxe3 23. Qxd4 Qf5 24. Kd2 Rfe8 25. Qxe3 Rxe3 26. Kxe3 Qe5+ 27.
Kf2 Qd4+ 28. Kg3 Bf5 29. Rbc1 g5 30. h4 Qf4+ 31. Kf2 gxh4 32. Rhd1 Qg3+ 33. Kf1
h3 34. gxh3 Qxf3+ 35. Ke1 0-1

[Event "Mauricie op"]
[Site "Trois-Rivieres CAN"]
[Date "2016.03.20"]
[Round "4"]
[White "Libersan, Thierry"]
[Black "Cazelais, Marc"]
[Result "1-0"]
[WhiteElo "2132"]
[BlackElo "2207"]
[PlyCount "59"]
[EventDate "2016.03.18"]
[EventType "swiss"]
[EventRounds "5"]
[EventCountry "CAN"]

1. e4 g6 2. d4 Bg7 3. c4 d6 4. Nc3 Nc6 5. Nge2 e5 6. d5 Nce7 7. Ng3 f5 8. exf5
Nxf5 9. Bd3 Nf6 10. Bg5 O-O 11. Qd2 Qe8 12. O-O-O a6 13. Kb1 b5 14. cxb5 axb5
15. Nxb5 Qf7 16. Rc1 Nxd5 17. Bc4 Be6 18. Rhd1 c6 19. Ne4 cxb5 20. Bxd5 Nd4 21.
Bxe6 Qxe6 22. b3 Qf5 23. f3 d5 24. g4 Qxf3 25. Nc5 Qxg4 26. Be3 Rf3 27. Bxd4
exd4 28. Nd3 Rh3 29. Rc7 Qe4 30. Qc2 1-0

[Event "Mauricie op"]
[Site "Trois-Rivieres CAN"]
[Date "2016.03.20"]
[Round "4"]
[White "Ouellet, Maili-Jade"]
[Black "Durette, Francis"]
[Result "1-0"]
[WhiteElo "1989"]
[BlackElo "1953"]
[PlyCount "93"]
[EventDate "2016.03.18"]
[EventType "swiss"]
[EventRounds "5"]
[EventCountry "CAN"]

1. d4 Nf6 2. c4 g6 3. Nc3 Bg7 4. e4 d6 5. f4 O-O 6. Nf3 Nbd7 7. Be2 c5 8. d5 a6
9. a4 Qc7 10. O-O b6 11. Re1 h6 12. Qc2 Bb7 13. h3 Rfe8 14. Be3 e6 15. Bf2 exd5
16. cxd5 Re7 17. Rad1 Qd8 18. Nd2 Rb8 19. Bg3 Nf8 20. Bf3 N6h7 21. e5 Bc8 22.
Nc4 Bf5 23. Qd2 dxe5 24. fxe5 Ng5 25. h4 Nxf3+ 26. gxf3 b5 27. axb5 axb5 28.
Nd6 b4 29. Nxf5 gxf5 30. Nb1 Ra8 31. Qc2 Qc8 32. Nd2 Ra6 33. Nc4 Rg6 34. Kh2
Qd7 35. f4 Re8 36. h5 Ra6 37. Ne3 Rc8 38. Nxf5 b3 39. Qb1 c4 40. Bh4 c3 41. Qd3
c2 42. Rc1 Rb6 43. Rg1 Ne6 44. Bf6 Kf8 45. Bxg7+ Nxg7 46. Rxg7 Qb5 47. Rcg1 1-0

[Event "Mauricie op"]
[Site "Trois-Rivieres CAN"]
[Date "2016.03.20"]
[Round "4"]
[White "Pepin, Christian"]
[Black "Turcotte, Jonathan"]
[Result "1-0"]
[WhiteElo "1985"]
[BlackElo "2103"]
[PlyCount "86"]
[EventDate "2016.03.18"]
[EventType "swiss"]
[EventRounds "5"]
[EventCountry "CAN"]

1. e4 c6 2. d4 d5 3. exd5 cxd5 4. c4 Nf6 5. Nc3 Nc6 6. Be3 g6 7. Qd2 Be6 8. c5
Bg7 9. h3 O-O 10. Nf3 Ne4 11. Qc1 f5 12. Bh6 Qa5 13. Bxg7 Kxg7 14. a3 Nxc3 15.
bxc3 b6 16. cxb6 axb6 17. Bd3 Rfc8 18. O-O Nd8 19. Qe3 h6 20. g4 Rxc3 21. Nh4
Bf7 22. Rad1 e6 23. Qe5+ Kh7 24. Qf6 Qxa3 25. gxf5 gxf5 26. Bxf5+ exf5 27. Ra1
Rg3+ 28. fxg3 Qxg3+ 29. Ng2 Rxa1 30. Rxa1 Qg7 31. Qxg7+ Kxg7 32. Nf4 Nc6 33.
Rb1 Nxd4 34. Rxb6 Nf3+ 35. Kf2 Ng5 36. h4 Ne4+ 37. Ke3 h5 38. Ne2 Bg6 39. Kf4
Nf2 40. Rd6 Bf7 41. Nd4 Nd3+ 42. Kg5 f4 43. Nf5+ Kf8 1-0